The architecture of William Morgan /

Gorde:
Xehetasun bibliografikoak
Egile nagusia: Spreiregen, Paul D. (Paul David)
Formatua: Liburua
Hizkuntza:English
Argitaratua: Austin, Tex. : University of Texas Press, 1987.
Edizioa:1st ed.
Gaiak:
LEADER 01130nam a2200301 a 4500
001 c000057961
003 CARM
005 00000000000000.0
008 870319s1987 txua b s00110 eng
019 1 |a 5271942  |5 LACONCORD2021 
020 |a 0292790236 
035 |a (OCoLC)15488956  |5 LACONCORD2021 
043 |a n-us--- 
050 0 0 |a NA737.M69  |b S78 1987 
100 1 |a Spreiregen, Paul D.  |q (Paul David) 
245 1 4 |a The architecture of William Morgan /  |c by Paul D. Spreiregen ; foreword by Eduard F. Sekler. 
250 |a 1st ed. 
260 |a Austin, Tex. :  |b University of Texas Press,  |c 1987. 
300 |a 262 p. :  |b ill. (some col.) ;  |c 29 cm. 
500 |a Includes index. 
504 |a Bibliography: p. 253-257. 
600 1 0 |a Morgan, William N. 
650 0 |a Architecture  |z United States. 
650 0 |a Architecture, Modern  |y 20th century  |z United States. 
852 8 |b CARM  |h A2:AD15D0  |i E00222  |p 0042191  |f BK 
082 0 4 |a 720/.92/4  |2 19 
999 f f |i 199601ef-10ec-53c8-84e2-e13cd2384d36  |s 95323e26-75fb-533b-8cc9-cf56b01737e8 
952 f f |p Can circulate  |a CAVAL  |b CAVAL  |c CAVAL  |d CARM 1 Store  |e E00222  |f A2:AD15D0  |h Other scheme  |i book  |m 0042191